00696nam a22001937a 450000500170000001000150001702000260003203500140005803700090007208200060008110000220008724500360010926000830014527000750022830000220030394200200032599900190034595201380036420250704154222.0 aENG-145636 c145.00a9788179916605 aEN-129168 bDBAD as aHunt Priya982623 aThe Magic Sapphire/cPriya Hunt aMumbaibHarsha Bhatkal for Periwinkle An imprint of Popular Prakashan Pvt.Ltd. a301,Mahalaxmi Chambers 22, Bhulabhai Desai Road MumbaibMumbaie400026 a119p.c21.2cm(hb) 2ddccENhSmHUN c212116d212116 001040708NFICaZLSbZLSd2025-07-04eDBADg145.00l1m1oS HUNpEN-129168r2025-12-06 00:00:00s2025-10-03v145.00w2025-07-04yEN